| 000 | 00700nam a2200217 4500 | ||
|---|---|---|---|
| 001 | 54871 | ||
| 003 | BD-RjUL | ||
| 005 | 20211209080159.0 | ||
| 008 | 161112s1993 bg ||||| |||| 00| 0 eng d | ||
| 035 | _a(BD-RjUL)54993 | ||
| 040 |
_bENG _cBD-RjUL |
||
| 041 | _aENG | ||
| 082 |
_223 _a338.1095 _bAGR 1993 |
||
| 100 |
_aSAARC Agricultural Information Centre. _9163566 |
||
| 245 | 1 | 1 |
_aAgricultural institutions in SAARC countries/ _cSAARC Agricultural Information Centre. |
| 260 |
_aDhaka, Bangladesh : _bSAARC Agricultural Information Centre, _c 1993. |
||
| 300 |
_a260 p. ; _c23 cm |
||
| 500 | _aIncludes indexes. | ||
| 650 |
_aAgriculture--Economic aspects _zEast Asia _9163567 |
||
| 942 |
_2ddc _cBK |
||
| 999 |
_c54871 _d54871 |
||